| 000 | 00411nam a2200169Ia 4500 | ||
|---|---|---|---|
| 008 | 180921t xxu||||| |||| 00| 0 eng d | ||
| 041 | _aeng | ||
| 080 |
_a5 _bMOR |
||
| 100 | _aGalappatti, Janiki | ||
| 245 | _aMore about out living world | ||
| 260 | _bBritish council | ||
| 300 | _a78p., 22 cm | ||
| 650 |
_aInsect _aGeen medicine |
||
| 942 | _cBK | ||
| 999 |
_c17200 _d17200 |
||
| 003 | LK-CoDNM | ||
| 040 |
_aLK-CoDNM _dLK-CoDNM _eLK-CoDNM |
||